| 000 | 00464 a2200157 4500 | ||
|---|---|---|---|
| 020 | _a0007121091 | ||
| 040 |
_aDLC _bDLC |
||
| 082 | _a823.912 CHR | ||
| 100 | _aChristie, Agatha | ||
| 245 |
_aThe clocks _cAgatha Christie |
||
| 260 |
_aLondon: _bCollins, _cc1963. |
||
| 300 |
_a384 p. _c19 cm. |
||
| 500 | _a Includes Index | ||
| 650 | _a1. Poirot, Hercule (Fictitious character) --Fiction.2.Private investigators --England --Fiction. | ||
| 942 |
_cBK _k 823.912 CHR _2ddc |
||
| 999 |
_c4993 _d4993 |
||